000 00655nam a22002297a 4500
003 UA-OsUOA
001 49680
007 ta
008 20140114b un ||||| |||| 00| 0 ukr d
090 _a082
942 _cBK
040 _aUA-OsUOA
_beng
_cUA-OsUOA
_dUA-OsUOA
245 _aMillenium of Christianity in Ukraine: A Symposium
300 _a304 p.
955 _a1
041 _aeng
080 _a082
260 _aOttawa
_bSaint Paul University
_c1987
650 7 _a08 Видання. Колективні праці
_2UDC
999 _c429809
_d429809